header

Origamip3s (Record no. 243646)

MARC details
000 -LEADER
fixed length control field 01434nam a22003254a 4500
082 04 - DEWEY DECIMAL CLASSIFICATION NUMBER
Classification number 736/.982
245 10 - TITLE STATEMENT
Title Origamip3s
260 ## - PUBLICATION, DISTRIBUTION, ETC. (IMPRINT)
Place of publication Natick, MA :
Name of publisher A K Peters,
Year of publication c2002.
300 ## - PHYSICAL DESCRIPTION
Number of Pages xi, 353 p. :
Other physical details ill.
650 #0 - SUBJECT ADDED ENTRY--TOPICAL TERM
Topical Term Origami in education
Topical Term Origami
700 1# - ADDED ENTRY--PERSONAL NAME
Personal name Hull, Thomas,
856 40 - ELECTRONIC LOCATION AND ACCESS
Uniform Resource Identifier http://site.ebrary.com/lib/rucke/Doc?id=10159710

No items available.

© 2026 Rongo University
Contact us: librarian | system librarian | Rongo university